[Event "Linares"]
[Site "?"]
[Date "1995.??.??"]
[Round "?"]
[White "Akopian, V."]
[Black "Dreev, A."]
[Result "0-1"]
[WhiteElo "2655"]
[BlackElo "2650"]
[PlyCount "110"]
[EventDate "1995.??.??"]
[Source "ChessBase"]
[SourceDate "1995.02.01"]

1. e4 e6 2. d4 d5 3. Nd2 c5 4. exd5 Qxd5 5. Ngf3 cxd4 6. Bc4 Qd8 7. O-O a6 8. Nb3 Qc7 9. Qxd4 Nc6 10. Qh4 Bd6 11. Bd2 Nge7 12. Bd3 Bd7 13. Rad1 O-O-O 14. Ng5 Ng6 15. Qh3 Nge5 16. Be2 Be7 17. Bf4 Rhf8 18. Ne4 h6 19. Nec5 Rh8 20. Qc3 Bf6 21. Ne4 Be7 22. Nbc5 g5 23. Bg3 f5 24. Bxa6 bxa6 25. Nxa6 Qa5 26. Rxd7 Rxd7 27. Bxe5 Qxc3 28. Bxc3 fxe4 29. Bxh8 Kb7 30. Re1 Kxa6 31. Bc3 Bb4 32. Bxb4 Nxb4 33. g3 Nxc2 34. Rxe4 Nd4 35. Kg2 h5 36. h3 Kb5 37. Re5+ Rd5 38. Re3 e5 39. Rc3 g4 40. hxg4 hxg4 41. Rc8 Nf3 42. Rg8 Rd4 43. b3 Kb4 44. a4 Re4 45. Rg7 Ne1+ 46. Kf1 Nd3 47. Rg6 Re1+ 48. Kg2 Re2 49. Rxg4+ e4 50. Kg1 Nxf2 51. Kf1 Ra2 52. Rf4 Kc3 53. a5 e3 54. b4 Nd3 55. Re4 Kd2 0-1

[Event "Wijk aan Zee"]
[Site "?"]
[Date "1995.??.??"]
[Round "?"]
[White "Zapata, A."]
[Black "Dreev, A."]
[Result "0-1"]
[WhiteElo "2535"]
[BlackElo "2650"]
[PlyCount "62"]
[EventDate "1995.??.??"]
[Source "ChessBase"]
[SourceDate "1994.10.01"]

1. e4 e6 2. d4 d5 3. Nd2 c5 4. Ngf3 cxd4 5. exd5 Qxd5 6. Bc4 Qd8 7. O-O a6 8. Nb3 Qc7 9. Qe2 Bd6 10. Nbxd4 Ne7 11. Rd1 Nbc6 12. Bg5 Nxd4 13. Nxd4 O-O 14. Bxe6 fxe6 15. Nxe6 Bxh2+ 16. Kh1 Qe5 17. Qxe5 Bxe5 18. Nxf8 Kxf8 19. Rd8+ Kf7 20. Bxe7 Kxe7 21. Rh8 Rb8 22. Rxh7 Bf5 23. Rh5 Kf6 24. c3 Bg4 25. Rh4 Kg5 26. g3 Bf3+ 27. Kg1 Kf5 28. Re1 g5 29. Rh7 Bf6 30. Kf1 Kg6 31. Rh2 g4 0-1

[Event "HUN-chT 9899"]
[Site "?"]
[Date "1998.??.??"]
[Round "?"]
[White "Horvath Csaba"]
[Black "Chernin Alexander"]
[Result "1/2-1/2"]
[WhiteElo "2540"]
[BlackElo "2610"]
[PlyCount "151"]
[EventDate "1998.??.??"]
[Source "www.chesslib.no"]
[SourceDate "2004.05.04"]

1. e4 e6 2. d4 d5 3. Nd2 c5 4. exd5 Qxd5 5. Ngf3 cxd4 6. Bc4 Qd8 7. O-O Nc6 8. Nb3 a6 9. Nbxd4 Nxd4 10. Qxd4 Qxd4 11. Nxd4 b5 12. Be2 Bb7 13. c4 bxc4 14. Bxc4 Nf6 15. Bb3 Bd6 16. Ba4+ Ke7 17. Bd2 Rhc8 18. Rac1 Ne4 19. Be3 Nc5 20. Bc2 Bd5 21. Rfe1 g6 22. a3 Nd7 23. Bd3 Nc5 24. Bf1 Bb7 25. b4 Ne4 26. Nb3 Bd5 27. Na5 Nc3 28. Bd4 Nb5 29. Bb2 Bf4 30. Rxc8 Rxc8 31. a4 Nc7 32. Ba3 Bd6 33. Rc1 Kd7 34. Rb1 Rb8 35. Nb3 Ke7 36. Nd2 Rb7 37. Bc4 Kd7 38. Rb3 Be7 39. f3 Ke8 40. Kf2 Bc6 41. b5 axb5 42. axb5 Bxb5 43. Ne4 Bxa3 44. Rxa3 Ke7 45. Nc5 Rb6 46. Rb3 Rc6 47. Bxb5 Rxc5 48. Bd3 h6 49. h4 Kf6 50. f4 Nd5 51. Kf3 g5 52. hxg5+ hxg5 53. g3 gxf4 54. gxf4 Rc1 55. Be2 Rc2 56. Bd3 Rc1 57. Be2 Kg7 58. Bd3 f5 59. Be2 Rh1 60. Kg3 Rg1+ 61. Kf2 Rg6 62. Rf3 Rh6 63. Bc4 Nf6 64. Rb3 Ne4+ 65. Ke3 Nd6 66. Bf1 Kf6 67. Rb6 Ke7 68. Ra6 Rh1 69. Ra7+ Kf6 70. Ra6 Ne4 71. Bc4 Re1+ 72. Kf3 Nc5 73. Rc6 Nd7 74. Rc7 Nf8 75. Bd3 Ng6 76. Rc6 1/2-1/2

[Event "GRE-chT"]
[Site "Athens"]
[Date "1996.??.??"]
[Round "9"]
[White "Kotronias, Vasilios"]
[Black "Kosic, Dragan"]
[Result "1-0"]
[WhiteElo "2615"]
[BlackElo "2530"]
[PlyCount "71"]
[EventDate "1996.??.??"]
[Source "ChessBase"]

1. e4 e6 2. d4 d5 3. Nd2 c5 4. exd5 Qxd5 5. Ngf3 cxd4 6. Bc4 Qd8 7. O-O a6 8. Qe2 Nc6 9. Rd1 Qc7 10. Nb3 Bd6 11. Nbxd4 Nge7 12. Qe4 Bd7 13. Ng5 Nxd4 14. Qxd4 Nf5 15. Qd3 Bc6 16. Bxe6 fxe6 17. Nxe6 Bxh2+ 18. Kh1 Qe5 19. Qxf5 Qxf5 20. Nxg7+ Kf7 21. Nxf5 Be5 22. c3 h5 23. Nd4 Bxd4 24. Rxd4 Rag8 25. Rf4+ Ke7 26. f3 Rh7 27. Be3 Rhg7 28. Bc5+ Kd7 29. Rd1+ Kc7 30. Rd2 Re8 31. Kh2 a5 32. Rf5 Rh7 33. Bf2 a4 34. Bh4 Kc8 35. b4 axb3 36. axb3 1-0

[Event "Cup Russia"]
[Site "Serpukhov RUS"]
[Date "2007.11.05"]
[Round "1.1"]
[White "Kornev, Alexei"]
[Black "Lysyj, I."]
[Result "1/2-1/2"]
[WhiteElo "2532"]
[BlackElo "2591"]
[PlyCount "79"]
[EventDate "2007.11.05"]
[Source "www.chesslib.no"]
[SourceDate "2004.05.04"]

1. e4 e6 2. d4 d5 3. Nd2 c5 4. exd5 Qxd5 5. Ngf3 cxd4 6. Bc4 Qd8 7. O-O Nf6 8. Nb3 Nc6 9. Qe2 Be7 10. Rd1 O-O 11. Nfxd4 Qc7 12. Nxc6 Qxc6 13. Nd4 Qe4 14. Bg5 Qxe2 15. Bxe2 h6 16. Bf4 Nd5 17. Bg3 g5 18. Bf3 Nf4 19. Bxf4 gxf4 20. Nb5 a6 21. Nd6 Ra7 22. c3 b6 23. Nc4 b5 24. Ne5 Bf6 25. Re1 Rc7 26. a4 Bd7 27. axb5 Bxb5 28. Rad1 Rb8 29. g3 fxg3 30. hxg3 Rc5 31. Ng4 Bg7 32. Rd2 Be8 33. Ra1 a5 34. Ne3 Kf8 35. Kg2 Ke7 36. Re1 Kf8 37. Ra1 Ke7 38. Re1 Kf8 39. Ra1 Ke7 40. Re1 1/2-1/2

[Event "Cup Russia"]
[Site "Serpukhov RUS"]
[Date "2007.11.06"]
[Round "1.3"]
[White "Lysyj, I."]
[Black "Kornev, Alexei"]
[Result "1-0"]
[WhiteElo "2591"]
[BlackElo "2532"]
[PlyCount "98"]
[EventDate "2007.11.05"]
[Source "www.chesslib.no"]
[SourceDate "2004.05.04"]

1. e4 e6 2. d4 d5 3. Nd2 c5 4. exd5 Qxd5 5. Ngf3 cxd4 6. Bc4 Qd8 7. O-O a6 8. Nb3 Nc6 9. Nbxd4 Nxd4 10. Qxd4 Qxd4 11. Nxd4 Bd7 12. Be2 Nf6 13. Bf3 O-O-O 14. Bf4 Bc5 15. Nb3 Bb6 16. c4 Ba4 17. c5 Bc7 18. Bxc7 Kxc7 19. Na5 Nd5 20. Rfc1 Bc6 21. Rc4 Ne7 22. Rf4 f6 23. Rb4 Rb8 24. Rd1 Nd5 25. Bxd5 Bxd5 26. Rb6 Rhd8 27. h4 h5 28. a3 g5 29. hxg5 fxg5 30. Re1 h4 31. Rb4 Rf8 32. Re5 Rf5 33. Rxf5 exf5 34. Rb6 Re8 35. Rd6 Re5 36. b4 g4 37. Kh2 f4 38. Rh6 h3 39. Rh7+ Kc8 40. Rh8+ Kc7 41. Rh7+ Kc8 42. Rh8+ Kc7 43. Rh7+ Kc8 44. Rh8+ Kd7 45. Rh7+ Ke8 46. Rh8+ Kf7 47. Rh7+ Kg6 48. Rxb7 hxg2 49. Rb6+ Kg7 1-0

[Event "AUT-chT 0102"]
[Site "?"]
[Date "2002.03.09"]
[Round "10"]
[White "Popovic Petar"]
[Black "Chernin Alexander"]
[Result "1/2-1/2"]
[WhiteElo "2533"]
[BlackElo "2590"]
[PlyCount "23"]
[EventDate "2002.??.??"]
[Source "www.chesslib.no"]
[SourceDate "2004.05.04"]

1. e4 e6 2. d4 d5 3. Nd2 c5 4. exd5 Qxd5 5. Ngf3 cxd4 6. Bc4 Qd8 7. Nb3 Nc6 8. Nbxd4 Nxd4 9. Nxd4 a6 10. Be3 Qc7 11. Bb3 Nf6 12. h3 1/2-1/2

[Event "i"]
[Site "Bugojno i"]
[Date "1982.??.??"]
[Round "?"]
[White "Huebner, Robert"]
[Black "Petrosian, Arshak B"]
[Result "1/2-1/2"]
[WhiteElo "2620"]
[BlackElo "2485"]
[PlyCount "37"]
[EventDate "1982.??.??"]
[Source "www.chesslib.no"]
[SourceDate "2004.05.04"]

1. e4 e6 2. d4 d5 3. Nd2 c5 4. exd5 Qxd5 5. Ngf3 cxd4 6. Bc4 Qd8 7. O-O Nc6 8. Nb3 Nf6 9. Nfxd4 Nxd4 10. Nxd4 a6 11. c3 Bc5 12. Be3 Qc7 13. Bb3 O-O 14. Qf3 Bd7 15. Rfe1 Bd6 16. h3 e5 17. Nc2 Bc6 18. Qe2 h6 19. Bc5 1/2-1/2

[Event "AUT-chT 9596"]
[Site "Austria"]
[Date "1996.??.??"]
[Round "?"]
[White "Jansa, Vlastimil"]
[Black "Chernin, Alexander"]
[Result "1/2-1/2"]
[WhiteElo "2500"]
[BlackElo "2595"]
[PlyCount "34"]
[EventDate "1995.??.??"]
[Source "ChessBase"]

1. e4 e6 2. d4 d5 3. Nd2 c5 4. Ngf3 cxd4 5. exd5 Qxd5 6. Bc4 Qd8 7. O-O Nc6 8. Nb3 a6 9. Nbxd4 Nxd4 10. Qxd4 Qxd4 11. Nxd4 b5 12. Be2 Bb7 13. a4 b4 14. c3 Nf6 15. Be3 Be7 16. Nb3 bxc3 17. bxc3 O-O 1/2-1/2

[Event "HUN-chT9899"]
[Site "HUN"]
[Date "1998.??.??"]
[Round "?"]
[White "Vajda, Levente"]
[Black "Chernin, Alexander"]
[Result "1/2-1/2"]
[WhiteElo "2480"]
[BlackElo "2610"]
[PlyCount "42"]
[EventDate "1998.??.??"]
[Source "www.chesslib.no"]
[SourceDate "2004.05.04"]

1. e4 e6 2. d4 d5 3. Nd2 c5 4. exd5 Qxd5 5. Ngf3 cxd4 6. Bc4 Qd8 7. O-O Nc6 8. Nb3 a6 9. Nbxd4 Nxd4 10. Nxd4 Bd6 11. h3 Nf6 12. a4 O-O 13. Nf3 Qc7 14. b3 b6 15. Bb2 Bb7 16. Re1 Rfe8 17. Qe2 Ne4 18. Bd3 Nc5 19. Bc4 Ne4 20. Bd3 Nc5 21. Bc4 Ne4 1/2-1/2

[Event "IX Abierto Villa de Coria del Rio"]
[Site "Sevilla"]
[Date "2003.??.??"]
[Round "9"]
[White "Korneev, Oleg"]
[Black "Matamoros Franco, Carlos S"]
[Result "1/2-1/2"]
[WhiteElo "2613"]
[BlackElo "2461"]
[PlyCount "59"]
[EventDate "2003.02.13"]
[Source "Roberto Alvarez"]
[SourceDate "2003.02.24"]

1. e4 e6 2. d4 d5 3. Nd2 c5 4. exd5 Qxd5 5. Ngf3 cxd4 6. Bc4 Qd8 7. O-O Nf6 8. Nb3 Nc6 9. Nbxd4 Nxd4 10. Nxd4 a6 11. Re1 Qc7 12. Bb3 Bd6 13. Nf5 Bxh2+ 14. Kh1 O-O 15. Nxg7 Rd8 16. Qf3 Kxg7 17. Bh6+ Kg6 18. c3 Nd5 19. Be3 f5 20. g4 Nf6 21. gxf5+ exf5 22. Qg2+ Ng4 23. f3 b5 24. Bc2 Kf6 25. Bd4+ Kg5 26. Bxf5 Bxf5 27. fxg4 Bxg4 28. Qxh2 Qxh2+ 29. Kxh2 Re8 30. Be3+ 1/2-1/2

[Event "Yerevan ol (Men)"]
[Site "Yerevan"]
[Date "1996.??.??"]
[Round "6"]
[White "Relange, Eloi"]
[Black "Chernin, Alexander"]
[Result "1/2-1/2"]
[WhiteElo "2450"]
[BlackElo "2620"]
[PlyCount "35"]
[EventDate "1996.09.??"]
[Source "www.chesslib.no"]
[SourceDate "2004.05.04"]

1. e4 e6 2. d4 d5 3. Nd2 c5 4. exd5 Qxd5 5. Ngf3 cxd4 6. Bc4 Qd8 7. O-O Nc6 8. Nb3 a6 9. Nbxd4 Nxd4 10. Qxd4 Qxd4 11. Nxd4 b5 12. Be2 Bb7 13. c3 Nf6 14. b4 Nd5 15. Bd2 Be7 16. a4 bxa4 17. Rxa4 Bf6 18. Rfa1 1/2-1/2

[Event "Jugoslavija (ch) 73/(320)"]
[Site "?"]
[Date "1997.??.??"]
[Round "?"]
[White "Popovic, Petar"]
[Black "Kosic, Dragan"]
[Result "1/2-1/2"]
[WhiteElo "2545"]
[BlackElo "2515"]
[PlyCount "25"]
[EventDate "1998.??.??"]
[Source "ChessBase"]
[SourceDate "1998.06.01"]

1. e4 e6 2. d4 d5 3. Nd2 c5 4. exd5 Qxd5 5. Ngf3 cxd4 6. Bc4 Qd8 7. Nb3 Bb4+ 8. Bd2 Bxd2+ 9. Qxd2 Nf6 10. Nbxd4 O-O 11. O-O-O Qc7 12. Bb3 Nc6 13. Rhe1 1/2-1/2

[Event "Ch SKESK"]
[Site "Greece"]
[Date "1995.??.??"]
[Round "2"]
[White "Kotronias, Vasilios"]
[Black "Moutousis, Konstantinos"]
[Result "1-0"]
[WhiteElo "2570"]
[BlackElo "2465"]
[PlyCount "99"]
[EventDate "1995.??.??"]
[Source "www.chesslib.no"]
[SourceDate "2004.05.04"]

1. e4 e6 2. d4 d5 3. Nd2 c5 4. exd5 Qxd5 5. Ngf3 cxd4 6. Bc4 Qd8 7. O-O a6 8. Nb3 Qc7 9. Qxd4 Nc6 10. Qe4 Nf6 11. Qh4 Bd7 12. Bf4 Bd6 13. Bxd6 Qxd6 14. Rad1 Qb4 15. c3 Qb6 16. Rd6 O-O 17. Rfd1 Rfd8 18. Ne5 Be8 19. Nxc6 Bxc6 20. Qf4 h6 21. h3 Rxd6 22. Qxd6 Ne4 23. Qd4 Qc7 24. Be2 a5 25. Bf3 Nf6 26. Bxc6 bxc6 27. Nc5 Nd5 28. c4 Nb4 29. a3 Na6 30. Ne4 Rb8 31. Rd3 e5 32. Qc3 f5 33. Nd6 e4 34. Rg3 Rf8 35. Qe5 Qd7 36. Rb3 Rf6 37. c5 Nxc5 38. Rb8+ Kh7 39. Ne8 Rg6 40. Qxc5 f4 41. Qf8 Qa7 42. Nd6 Re6 43. Qf5+ Rg6 44. Re8 e3 45. Re6 exf2+ 46. Kf1 Qa6+ 47. Kxf2 Qb6+ 48. Kf1 Qa6+ 49. Kg1 Qd3 50. Qxd3 1-0

[Event "JUG-chT"]
[Site "Niksic"]
[Date "1996.??.??"]
[Round "?"]
[White "Martinovic, Slobodan"]
[Black "Kosic, Dragan"]
[Result "1/2-1/2"]
[WhiteElo "2500"]
[BlackElo "2530"]
[PlyCount "36"]
[EventDate "1996.??.??"]
[Source "www.chesslib.no"]
[SourceDate "2004.05.04"]

1. e4 e6 2. d4 d5 3. Nd2 c5 4. Ngf3 cxd4 5. exd5 Qxd5 6. Bc4 Qd8 7. O-O a6 8. Nb3 Qc7 9. Qe2 Bd6 10. Nbxd4 Ne7 11. c3 Nbc6 12. Nxc6 Nxc6 13. Re1 Bd7 14. Bg5 h6 15. Bh4 g5 16. Bg3 O-O-O 17. Bb3 Kb8 18. Rad1 Bc8 1/2-1/2

[Event "GRE-chT"]
[Site "?"]
[Date "1997.??.??"]
[Round "8"]
[White "Anagnostopoulos Dimitrios"]
[Black "Kosic Dragan"]
[Result "1/2-1/2"]
[WhiteElo "2495"]
[BlackElo "2515"]
[PlyCount "49"]
[EventDate "1997.??.??"]
[Source "www.chesslib.no"]
[SourceDate "2004.05.04"]

1. e4 e6 2. d4 d5 3. Nd2 c5 4. exd5 Qxd5 5. Ngf3 cxd4 6. Bc4 Qd8 7. O-O a6 8. Nb3 Qc7 9. Qxd4 Nc6 10. Qh4 Bd6 11. Bd2 Nge7 12. Bd3 Ne5 13. Nxe5 Bxe5 14. c3 Bd7 15. Rfe1 Bf6 16. Bg5 Bxg5 17. Qxg5 Ng6 18. Rad1 Ba4 19. Be4 Bxb3 20. axb3 O-O 21. b4 Rac8 22. g3 Ne7 23. Rd2 h6 24. Qe3 Nc6 25. Bxc6 1/2-1/2

[Event "Wch U20"]
[Site "Halle"]
[Date "1995.??.??"]
[Round "8"]
[White "Slobodjan, Roman"]
[Black "Kaminski, Marcin"]
[Result "1-0"]
[WhiteElo "2500"]
[BlackElo "2495"]
[PlyCount "69"]
[EventDate "1995.09.??"]
[Source "ChessBase"]

1. e4 e6 2. d4 d5 3. Nd2 c5 4. Ngf3 cxd4 5. exd5 Qxd5 6. Bc4 Qd8 7. O-O a6 8. Nb3 Qc7 9. Qe2 Bd6 10. Nbxd4 Ne7 11. Re1 O-O 12. Ng5 h6 13. Nxf7 Kxf7 14. Nxe6 Bxe6 15. Qxe6+ Ke8 16. Bxh6 Rf6 17. Qg8+ Kd7 18. Rxe7+ Bxe7 19. Rd1+ Kc6 20. Qd5+ Kb6 21. Be3+ Bc5 22. b4 Ka7 23. Bxc5+ b6 24. Bd4 Rd6 25. Qe5 Nd7 26. Qxg7 Qc6 27. Bf1 Rc8 28. c3 Rc7 29. Qg3 Kb7 30. Be2 Nf6 31. Bf3 Nd5 32. c4 Re7 33. Bxd5 Rxd5 34. cxd5 Qa4 35. Qf3 1-0

[Event "FRA-chT 9900"]
[Site "?"]
[Date "2000.02.05"]
[Round "2.2"]
[White "Marciano David"]
[Black "Bricard Emmanuel"]
[Result "1-0"]
[WhiteElo "2526"]
[BlackElo "2461"]
[PlyCount "53"]
[EventDate "2000.??.??"]
[Source "www.chesslib.no"]
[SourceDate "2004.05.04"]

1. e4 e6 2. d4 d5 3. Nd2 c5 4. exd5 Qxd5 5. Ngf3 cxd4 6. Bc4 Qd8 7. O-O a6 8. Nb3 Qc7 9. Qe2 Bd6 10. Nbxd4 Ne7 11. Rd1 Nbc6 12. Nxc6 Nxc6 13. Qd3 Bf4 14. Qa3 Bd7 15. Bxf4 Qxf4 16. Bf1 f6 17. Rd6 e5 18. Rad1 O-O-O 19. b4 e4 20. b5 axb5 21. Bxb5 Nb8 22. Nd4 Bxb5 23. Nxb5 Rxd6 24. Nxd6+ Kc7 25. Qa5+ b6 26. Qa7+ Kc6 27. Qb7+ 1-0

[Event "izt i"]
[Site "Las Palmas izt i"]
[Date "1982.??.??"]
[Round "?"]
[White "Mestel, Jonathan"]
[Black "Petrosian, Arshak B"]
[Result "1/2-1/2"]
[WhiteElo "2500"]
[BlackElo "2485"]
[PlyCount "209"]
[EventDate "1982.??.??"]
[Source "www.chesslib.no"]
[SourceDate "2004.05.04"]

1. e4 e6 2. d4 d5 3. Nd2 c5 4. exd5 Qxd5 5. Ngf3 cxd4 6. Bc4 Qd8 7. O-O Nc6 8. Nb3 Nf6 9. Qe2 Be7 10. Rd1 a6 11. Nbxd4 Nxd4 12. Rxd4 Qb6 13. c3 Bd7 14. Ne5 Bb5 15. a4 Bxc4 16. Nxc4 Qc5 17. Be3 Qh5 18. Qxh5 Nxh5 19. Nd6+ Bxd6 20. Rxd6 Nf6 21. Bd4 Rd8 22. Rxd8+ Kxd8 23. Rd1 Ke7 24. Bc5+ Ke8 25. f3 h5 26. h4 Rg8 27. c4 Nd7 28. Bd6 g5 29. hxg5 Rxg5 30. Kf2 Nc5 31. Bc7 Nxa4 32. Rd8+ Ke7 33. Rb8 Kd7 34. Bf4 Rf5 35. Rxb7+ Kc6 36. Rc7+ Kb6 37. Bd6 Nxb2 38. Ke3 h4 39. Kd4 Nxc4 40. Kxc4 h3 41. gxh3 Rxf3 42. Re7 Rxh3 43. Rxf7 Rh4+ 44. Kd3 Kc6 45. Bf4 a5 46. Be3 e5 47. Ra7 a4 48. Ra5 Kd6 49. Bf2 Rg4 50. Be1 Rd4+ 51. Ke3 Rc4 52. Bg3 Rc3+ 53. Kf2 Rc5 54. Rxa4 Ke6 55. Kf3 Kf5 56. Bf2 Rc3+ 57. Be3 Rb3 58. Rc4 Ra3 59. Ke2 Rb3 60. Bd2 Ke6 61. Bc3 Kd5 62. Rc8 Ra3 63. Kd3 e4+ 64. Kd2 Rb3 65. Re8 Rb1 66. Re5+ Kd6 67. Rxe4 Rh1 68. Kd3 Kd5 69. Re5+ Kd6 70. Kc4 Rc1 71. Rf5 Ke6 72. Rf6+ Ke7 73. Ra6 Kd7 74. Kd4 Rc2 75. Rh6 Rc1 76. Bb4 Rc6 77. Rh7+ Ke6 78. Bc5 Kf5 79. Kd5 Ra6 80. Rf7+ Kg6 81. Rf1 Ra5 82. Kd6 Ra6+ 83. Ke7 Ra4 84. Ke6 Re4+ 85. Kd5 Ra4 86. Bd6 Kg5 87. Be5 Kg4 88. Bd4 Ra5+ 89. Ke4 Ra4 90. Rg1+ Kh4 91. Ke5 Kh3 92. Be3 Rg4 93. Rd1 Kg2 94. Bf4 Rg8 95. Ke4 Re8+ 96. Be5 Kf2 97. Rd2+ Ke1 98. Ra2 Re7 99. Kf4 Kd1 100. Bd4 Re2 101. Ra3 Re8 102. Kf3 Kd2 103. Be3+ Kc2 104. Ke2 Rd8 105. Ra7 1/2-1/2

[Event "RUS-Cup10"]
[Site "Tomsk"]
[Date "1997.07.28"]
[Round "7"]
[White "Yandemirov, Valeri"]
[Black "Nikitin, Andrey"]
[Result "1-0"]
[WhiteElo "2500"]
[BlackElo "2480"]
[PlyCount "45"]
[EventDate "1997.07.21"]
[Source "www.chesslib.no"]
[SourceDate "2004.05.04"]

1. e4 e6 2. d4 d5 3. Nd2 c5 4. exd5 Qxd5 5. Ngf3 cxd4 6. Bc4 Qd8 7. O-O Ne7 8. Nb3 Qc7 9. Qe2 Ng6 10. Nbxd4 a6 11. Bb3 Be7 12. Re1 O-O 13. Bg5 Bd6 14. Qd3 h6 15. Nxe6 Bxe6 16. Rxe6 fxe6 17. Qxg6 Nc6 18. Rd1 Ne5 19. Qxe6+ Kh8 20. Rxd6 Nxf3+ 21. gxf3 Rae8 22. Qg6 Qa5 23. Bxh6 1-0

[Event "Lloyds Bank Open"]
[Site "London ENG"]
[Date "1994.??.??"]
[Round "5"]
[White "Lane, Gary W"]
[Black "Savchenko, Stanislav"]
[Result "0-1"]
[WhiteElo "2435"]
[BlackElo "2540"]
[PlyCount "48"]
[EventDate "1994.08.??"]
[Source "www.chesslib.no"]
[SourceDate "2004.05.04"]

1. e4 e6 2. d4 d5 3. Nd2 c5 4. exd5 Qxd5 5. Ngf3 cxd4 6. Bc4 Qd8 7. Ne4 Nc6 8. O-O a6 9. a4 Nf6 10. Nxf6+ gxf6 11. Nh4 f5 12. Qh5 Ne5 13. Bg5 Be7 14. Bxe7 Qxe7 15. Nxf5 exf5 16. Rfe1 Kd8 17. Qh6 f6 18. Rad1 Bd7 19. Qh4 Rc8 20. Bb3 d3 21. c3 Qd6 22. Qg3 Kc7 23. f4 Ng4 24. Rxd3 Qb6+ 0-1

[Event "JUG-chT"]
[Site "Vrnjacka Banja"]
[Date "1999.??.??"]
[Round "4"]
[White "Vuckovic, Bojan"]
[Black "Kosic, Dragan"]
[Result "1/2-1/2"]
[WhiteElo "2433"]
[BlackElo "2523"]
[PlyCount "66"]
[EventDate "1999.08.??"]
[Source "www.chesslib.no"]
[SourceDate "2004.05.04"]

1. e4 e6 2. d4 d5 3. Nd2 c5 4. exd5 Qxd5 5. Ngf3 cxd4 6. Bc4 Qd8 7. O-O a6 8. Nb3 Qc7 9. Qe2 Bd6 10. Nbxd4 Ne7 11. Rd1 Nbc6 12. c3 Bd7 13. a4 Nxd4 14. cxd4 O-O 15. Ne5 Bxe5 16. dxe5 Ng6 17. b3 Qxe5 18. Qxe5 Nxe5 19. Bf4 Nxc4 20. Rxd7 Nb6 21. Rxb7 Nd5 22. Bd2 Rfb8 23. Rxb8+ Rxb8 24. Rb1 Kf8 25. Kf1 Ke7 26. Ke2 e5 27. b4 f5 28. Rb2 Kd6 29. Kd3 Rb7 30. Kc4 Rc7+ 31. Kb3 e4 32. Rc2 Rxc2 33. Kxc2 f4 1/2-1/2

[Event "CADAP"]
[Site "?"]
[Date "2001.05.15"]
[Round "?"]
[White "Barnsley Anthony R.(ENG)"]
[Black "Andersen Jens (GER)"]
[Result "1-0"]
[WhiteElo "2454"]
[BlackElo "2501"]
[PlyCount "67"]
[EventDate "2001.??.??"]
[Source "www.chesslib.no"]
[SourceDate "2004.05.04"]

1. e4 e6 2. d4 d5 3. Nd2 c5 4. Ngf3 cxd4 5. exd5 Qxd5 6. Bc4 Qd8 7. O-O a6 8. Nb3 Qc7 9. Qxd4 Nc6 10. Qh4 Bd6 11. Bd2 Ne5 12. Be2 Ne7 13. Bb4 Bxb4 14. Qxb4 N5c6 15. Qg4 O-O 16. Bd3 e5 17. Qh5 g6 18. Qh4 Nf5 19. Bxf5 Bxf5 20. c3 f6 21. Rfd1 Kg7 22. g4 Bc8 23. Qg3 b6 24. Nbd2 Be6 25. Ne4 h6 26. Rd6 Rae8 27. Rad1 Bc8 28. h4 Re6 29. Rxe6 Bxe6 30. Rd6 Qc8 31. g5 hxg5 32. hxg5 f5 33. Nxe5 f4 34. Qh4 1-0

[Event "Ardid mem 10th op"]
[Site "Zaragoza"]
[Date "1998.??.??"]
[Round "7"]
[White "Kolev, Atanas"]
[Black "Oms Pallise, Josep"]
[Result "1/2-1/2"]
[WhiteElo "2540"]
[BlackElo "2415"]
[PlyCount "69"]
[EventDate "1998.??.??"]
[Source "www.chesslib.no"]
[SourceDate "2004.05.04"]

1. e4 e6 2. d4 d5 3. Nd2 c5 4. Ngf3 cxd4 5. exd5 Qxd5 6. Bc4 Qd8 7. O-O Nc6 8. Nb3 a6 9. Nbxd4 Nxd4 10. Qxd4 Qxd4 11. Nxd4 b5 12. Be2 Bb7 13. Bf4 Nf6 14. Rfd1 Be7 15. c3 O-O 16. a4 b4 17. c4 Rfc8 18. f3 Kf8 19. Kf1 Ke8 20. Nb3 Bc6 21. Na5 h6 22. Be5 g5 23. Nxc6 Rxc6 24. f4 g4 25. b3 h5 26. h3 Nd7 27. hxg4 Nxe5 28. fxe5 hxg4 29. Bxg4 Rc5 30. Re1 Rd8 31. Rad1 Rxd1 32. Bxd1 Bd8 33. Bh5 Bc7 34. Re3 Rxe5 35. Rxe5 1/2-1/2

[Event "JUG-chT"]
[Site "Niksic"]
[Date "1997.??.??"]
[Round "10"]
[White "Matulovic, Milan"]
[Black "Kosic, Dragan"]
[Result "0-1"]
[WhiteElo "2445"]
[BlackElo "2510"]
[PlyCount "140"]
[EventDate "1997.08.27"]
[Source "ChessBase"]
[SourceDate "1997.09.26"]

1. e4 e6 2. d4 d5 3. Nd2 c5 4. Ngf3 cxd4 5. exd5 Qxd5 6. Bc4 Qd8 7. O-O a6 8. Nb3 Qc7 9. Qe2 Bd6 10. Nbxd4 Ne7 11. c3 Nbc6 12. Nxc6 Nxc6 13. h3 Bd7 14. Rd1 Ne5 15. Nxe5 Bxe5 16. Be3 Rc8 17. Bd4 Bh2+ 18. Kh1 Qxc4 19. Qxc4 Rxc4 20. Kxh2 f6 21. b3 Rc8 22. c4 e5 23. Bb6 Bc6 24. f3 Kf7 25. Rd6 Rce8 26. Re1 g5 27. Red1 h5 28. Rd8 g4 29. Rxe8 Bxe8 30. hxg4 hxg4+ 31. Kg3 gxf3 32. gxf3 Bc6 33. Bc7 Rg8+ 34. Kf2 Rg5 35. Rf1 Ke6 36. Rh1 Rf5 37. Rh3 Kd7 38. Bb8 Rf4 39. Ke3 Rd4 40. Rh7+ Ke6 41. Rh1 Rf4 42. Rh3 b5 43. cxb5 Bxb5 44. Rh2 Bc6 45. Rf2 Rh4 46. f4 Rh3+ 47. Kd2 e4 48. f5+ Kd5 49. Ba7 Bb5 50. a4 Bd7 51. Be3 Ke5 52. Rf1 Bxf5 53. b4 Bd7 54. Ra1 f5 55. b5 axb5 56. axb5 f4 57. Ba7 Rd3+ 58. Kc2 Bxb5 59. Ra5 Rd5 60. Kc3 e3 61. Bb6 Ke4 62. Ra7 Bd7 63. Ra1 f3 64. Re1 Rd3+ 65. Kb2 f2 66. Rc1 Bh3 67. Rc4+ Kf3 68. Rc7 f1=Q 69. Rf7+ Ke2 70. Rxf1 Kxf1 0-1

[Event "JUG-ch Podgorica"]
[Site "Podgorica"]
[Date "1996.??.??"]
[Round "6"]
[White "Filipovic, Branko"]
[Black "Kosic, Dragan"]
[Result "0-1"]
[WhiteElo "2435"]
[BlackElo "2515"]
[PlyCount "104"]
[EventDate "1996.02.??"]
[Source "ChessBase"]

1. e4 e6 2. d4 d5 3. Nd2 c5 4. Ngf3 cxd4 5. exd5 Qxd5 6. Bc4 Qd8 7. O-O a6 8. Nb3 Qc7 9. Qxd4 Nc6 10. Qh4 Bd6 11. Be2 Nge7 12. c4 Ng6 13. Qh5 O-O 14. c5 Bf4 15. g3 Bxc1 16. Rfxc1 Nce7 17. Nbd2 Nd5 18. Ng5 Nf6 19. Qf3 Bd7 20. Nge4 Nxe4 21. Qxe4 Bc6 22. Qe3 Ne7 23. b4 Nf5 24. Qc3 e5 25. a4 Nd4 26. Re1 Qd7 27. Bf3 Nxf3+ 28. Nxf3 f6 29. Rad1 Qe8 30. a5 Qh5 31. Qb3+ Kh8 32. Nh4 Rfd8 33. Rd6 Rxd6 34. cxd6 Rd8 35. Rd1 Qg4 36. f3 Qd7 37. Qc3 Qe6 38. Qe3 g6 39. Kf2 Kg7 40. Ng2 Bb5 41. Qe4 Qa2+ 42. Kg1 Bc6 43. Qd3 Qb2 44. Qc4 Rd7 45. Ne1 Bb5 46. Qe4 Qc3 47. Kf2 Ba4 48. Rd3 Qb2+ 49. Kg1 Bc6 50. Qc4 Qe2 51. Qc3 Bb5 52. f4 e4 0-1

[Event "GRE-chT"]
[Site "Thessaloniki"]
[Date "1996.??.??"]
[Round "2"]
[White "Cela, Altin"]
[Black "Kosic, Dragan"]
[Result "1/2-1/2"]
[WhiteElo "2415"]
[BlackElo "2530"]
[PlyCount "64"]
[EventDate "1996.??.??"]
[Source "ChessBase"]

1. e4 e6 2. d4 d5 3. Nd2 c5 4. exd5 Qxd5 5. Ngf3 cxd4 6. Bc4 Qd8 7. Nb3 Qc7 8. Qxd4 Nc6 9. Bb5 Bd7 10. Bxc6 Bxc6 11. Bf4 Qd8 12. Qxd8+ Rxd8 13. Nbd4 Bxf3 14. Nxf3 Nf6 15. Be5 Nd5 16. O-O-O f6 17. Bd4 b6 18. Kb1 Be7 19. c4 Nb4 20. Bc3 Nd3 21. Kc2 Nxf2 22. Rxd8+ Bxd8 23. Re1 Kf7 24. h3 Bc7 25. Bd4 Bg3 26. Re3 Rd8 27. b4 e5 28. Bxe5 Bxe5 29. Nxe5+ fxe5 30. Rf3+ Ke6 31. Rxf2 e4 32. Rd2 Re8 1/2-1/2